000 002670000a22000970004500
100 1 _aRestrepo Madero, Eugenio
245 1 0 _aWhen life is whort-less
300 _aVol. 71, Num. 4 (Octubre-Diciembre, 1991), Página 11
773 0 _tLatin America Evangelist
942 _cANA
999 _c54610
_d54610